| 000 | 00941nam a2200253 i 4500 | ||
|---|---|---|---|
| 003 | DO-SdBNP | ||
| 005 | 20250611073818.0 | ||
| 007 | ta | ||
| 008 | 230721b2013 dr ||||| |||| 00| 0 spa d | ||
| 020 | _a9789945436839 | ||
| 040 |
_aDO-SdBNP _bspa _cBNPHU _erda |
||
| 082 | 4 |
_222 _bR426gi |
|
| 110 | 1 |
_aRepública Dominicana. _bMinisterio de Salud Pública _980830 |
|
| 245 | 0 | 0 |
_aGuía y protocolo de atención integral en el uso, abuso y dependencia a sustancias psicoactivas y conductas aditivas / _ccoordinación editorial Elías Tejeda Read ; corrección Odalís G. Pérez |
| 264 |
_aSanto Domingo : _bMinisterio de Salud Pública y Asitencia Social, _c2013. |
||
| 300 |
_a60 páginas ; _c23 cm. |
||
| 336 |
_2rdacontent _atexto _btxt |
||
| 337 |
_2rdamedia _asin mediación _bn |
||
| 338 |
_2rdacarrier _avolumen _bnc |
||
| 504 | _aBibliografía : p. 39-42 | ||
| 590 | _aInventariado, 2023/BT | ||
| 910 | _aBtavárez | ||
| 942 |
_2ddc _cLBS1 |
||
| 999 |
_c54232 _d54232 |
||